00740nam a2200205 a 4500008004100000020002200041100002900063245008700092250006800179260003000247300002500277440003800302500002200340505008100362650003100443650003300474003000100507005001700508040000900525  a0712110208 (pbk.)1 aAnderson, Ronald Gordon.10aData processing.nVolume 2,pInformation systems and technology /cR. G. Anderson. a7th ed., international student ed. :b[reprinted in 2 volumes]. aLondon :bPitman,cc1990. avii, 287 p. c22 cm. 0aM & E handbook series,x0265-8828 aIncludes indexes.1 aVol. 1. Principles and practice -- v. 2. Information systems and technology. 0aBusinessxData processing. 0aManagementxData processing.20230123133411.0 cNUST